| 000 | 00856nam0a22002651 4500 | ||
|---|---|---|---|
| 001 | rc\777471 | ||
| 005 | 20040301143155.3 | ||
| 035 | _a(NLR Aleph) 006303556 | ||
| 090 |
_a7276796 _c7276796 |
||
| 100 | _a20040301d1983 u |0rusy50 ca | ||
| 101 | 0 | _arus | |
| 102 | _aRU | ||
| 105 | _ay ||||||||| | ||
| 200 | 1 |
_aИспользование следователем помощи общественности _eУчеб. пособие |
|
| 210 |
_aМ. _cНИ и РИО _d1983 |
||
| 215 |
_a25 с. _d21 |
||
| 300 | _aВ надзаг.: Акад. МВД СССР, Спец. фак. | ||
| 320 | _aБиблиогр.: с. 24 | ||
| 333 | _aДСП. Экз. № 6 | ||
| 700 | 1 |
_aАристакесян _bЛ. Г. _gЛарис Георгиевич |
|
| 801 | 0 |
_aRU _bNLR _gpsbo |
|
| 801 | 1 |
_aRU _bELAR _2rusmarc |
|
| 852 |
_aNLR _j83-50К/4308 |
||
| 942 | _cBOOK | ||
| 980 | _aNB | ||